LIBRARY & INFORMATION CENTRE, KCAET, TAVANUR

ONLINE PUBLIC ACCESS CATALOGUE (OPAC)

Solutions of problems in Irrigation Engineering / (Record no. 1355)

MARC details
000 -LEADER
fixed length control field 00475cam a2200193ua 4500
041 ## - LANGUAGE CODE
Language code of text/sound track or separate title eng
082 ## - DEWEY DECIMAL CLASSIFICATION NUMBER
Classification number 631.5871
Item number SHA/SO
100 ## - MAIN ENTRY--AUTHOR NAME
Personal name Shahane, .
245 ## - TITLE STATEMENT
Title Solutions of problems in Irrigation Engineering /
250 ## - EDITION STATEMENT
Edition statement 1 /
260 ## - PUBLICATION, DISTRIBUTION, ETC. (IMPRINT)
Place of publication Poona :
Name of publisher Allies book stall ,
Year of publication 1989.
300 ## - PHYSICAL DESCRIPTION
Number of Pages 363 ; .
700 1# - ADDED ENTRY--PERSONAL NAME
Personal name Iyengar, .
942 ## - ADDED ENTRY ELEMENTS (KOHA)
Koha item type Books
Holdings
Withdrawn status Lost status Damaged status Home library Current library Date acquired Full call number Accession Number Koha item type
      KAUAET KAUAET 07/04/2012 631.5871 3065 Books
free website counter